The search for the missing bones / (Record no. 876)
[ view plain ]
| 000 -LEADER | |
|---|---|
| fixed length control field | 01150nam a22003017a 4500 |
| 005 - DATE AND TIME OF LATEST TRANSACTION | |
| control field | 20250221100320.0 |
| 020 ## - INTERNATIONAL STANDARD BOOK NUMBER | |
| International Standard Book Number | 9780439107990 |
| 040 ## - CATALOGING SOURCE | |
| Original cataloging agency | FISKH |
| Language of cataloging | eng |
| Transcribing agency | FISKH |
| Modifying agency | FISKH |
| 050 ## - LIBRARY OF CONGRESS CALL NUMBER | |
| Classification number | PZ7.M26572 |
| 082 ## - DEWEY DECIMAL CLASSIFICATION NUMBER | |
| Classification number | 813.54 |
| 100 ## - MAIN ENTRY--PERSONAL NAME | |
| Personal name | Moore, Eva. |
| 245 ## - TITLE STATEMENT | |
| Title | The search for the missing bones / |
| Statement of responsibility, etc. | [written by Eva Moore ; illustrations by Ted Enik]. |
| 260 ## - PUBLICATION, DISTRIBUTION, ETC. | |
| Place of publication, distribution, etc. | New York : |
| Name of publisher, distributor, etc. | Scholastic, |
| Date of publication, distribution, etc. | 1999. |
| 300 ## - PHYSICAL DESCRIPTION | |
| Extent | 76 pages : |
| Other physical details | illustrations, |
| Dimensions | 20 cm. |
| 490 ## - SERIES STATEMENT | |
| Series statement | The magic school bus science chapter book : |
| Volume/sequential designation | Book 2 |
| 500 ## - GENERAL NOTE | |
| General note | "Based on the magic school bus books written by Joanna Cole and illustrated by Bruce Degen."--Verso t.p. |
| 505 ## - FORMATTED CONTENTS NOTE | |
| Formatted contents note | R <br/> |
| 520 ## - SUMMARY, ETC. | |
| Summary, etc. | Ms. Frizzle and her class learn all about bones, why they need skeletons, and what makes them grow as they search for their costumes' missing bones at the Hugh Mann Costume Company. |
| 521 ## - TARGET AUDIENCE NOTE | |
| Target audience note | 660 <br/> |
| Source | Lexile <br/> |
| 521 ## - TARGET AUDIENCE NOTE | |
| Target audience note | R <br/> |
| Source | Raz-Plus |
| 650 ## - SUBJECT ADDED ENTRY--TOPICAL TERM | |
| Topical term or geographic name entry element | Bones |
| Form subdivision | Juvenile fiction. |
| 650 ## - SUBJECT ADDED ENTRY--TOPICAL TERM | |
| Topical term or geographic name entry element | Skeleton |
| Form subdivision | Juvenile fiction. |
| 650 ## - SUBJECT ADDED ENTRY--TOPICAL TERM | |
| Topical term or geographic name entry element | Bones |
| Form subdivision | Fiction. |
| 650 ## - SUBJECT ADDED ENTRY--TOPICAL TERM | |
| Topical term or geographic name entry element | Skeleton |
| Form subdivision | Fiction. |
| 700 ## - ADDED ENTRY--PERSONAL NAME | |
| Personal name | Enik, Ted. |
| Titles and other words associated with a name | illustrator. |
| 942 ## - ADDED ENTRY ELEMENTS (KOHA) | |
| Source of classification or shelving scheme | Dewey Decimal Classification |
| Koha item type | Books |
| Suppress in OPAC | No |
| 999 ## - | |
| -- | 876 |
| -- | 876 |
| Withdrawn status | Lost status | Source of classification or shelving scheme | Damaged status | Not for loan | Collection | Home library | Current library | Shelving location | Date acquired | Total Checkouts | Full call number | Barcode | Date last seen | Date last checked out | Copy number | Price effective from | Koha item type | Date due |
|---|---|---|---|---|---|---|---|---|---|---|---|---|---|---|---|---|---|---|
| Dewey Decimal Classification | Juvenile Fiction | Footprints International School Library Network Toul Kork Campus | Footprints International School Library Network Toul Kork Campus | TK Primary Library Room(4th Floor), Bookcase 5&6, Shelves 33-56, Orange Books | 07/13/2023 | 1 | MOO 813.54 PZ7.M26572 | FISTK01897 | 06/10/2025 | 03/14/2025 | 1 | 07/13/2023 | Books | |||||
| Dewey Decimal Classification | Juvenile Fiction | Footprints International School Library Network Toul Kork Campus | Footprints International School Library Network Toul Kork Campus | TK Primary Library Room(4th Floor), Bookcase 5&6, Shelves 33-56, Orange Books | 07/13/2023 | 1 | MOO 813.54 PZ7.M26572 | FISTK01895 | 03/31/2026 | 03/31/2026 | 2 | 07/13/2023 | Books | 04/14/2026 | ||||
| Dewey Decimal Classification | Juvenile Fiction | Footprints International School Library Network Toul Kork Campus | Footprints International School Library Network Toul Kork Campus | TK Primary Library Room(4th Floor), Bookcase 5&6, Shelves 33-56, Orange Books | 07/13/2023 | 1 | MOO 813.54 PZ7.M26572 | FISTK01896 | 10/31/2024 | 09/05/2024 | 3 | 07/13/2023 | Books | |||||
| Dewey Decimal Classification | Juvenile Fiction | Footprints International School Library Network Toul Kork Campus | Footprints International School Library Network Toul Kork Campus | TTP Primary Orange Bookshelves | 02/13/2025 | MOO 813.54 PZ7.M26572 | 2025-0555 | 02/13/2025 | 5 | 02/13/2025 | Books | |||||||
| Dewey Decimal Classification | Juvenile Fiction | Footprints International School Library Network Toul Kork Campus | Footprints International School Library Network Toul Kork Campus | TTP Primary Orange Bookshelves | 02/13/2025 | MOO 813.54 PZ7.M26572 | 2025-0556 | 02/13/2025 | 6 | 02/13/2025 | Books | |||||||
| Dewey Decimal Classification | Juvenile Fiction | Footprints International School Library Network Toul Kork Campus | Footprints International School Library Network Toul Kork Campus | TTP Primary Orange Bookshelves | 02/13/2025 | 1 | MOO 813.54 PZ7.M26572 | 2025-0557 | 06/05/2025 | 04/25/2025 | 7 | 02/13/2025 | Books | |||||
| Dewey Decimal Classification | Juvenile Fiction | Footprints International School Library Network Toul Kork Campus | Footprints International School Library Network Toul Kork Campus | TTP Primary Orange Bookshelves | 02/21/2025 | MOO 813.54 PZ7.M26572 | 2025-0660 | 02/21/2025 | 8 | 02/21/2025 | Books | |||||||
| Dewey Decimal Classification | Juvenile Fiction | Footprints International School Library Network Toul Kork Campus | Footprints International School Library Network Toul Tom Poung Campus | TTP Primary Orange Bookshelves | 02/10/2025 | 1 | MOO 813.54 PZ7.M26572 | 2025-0460 | 09/03/2025 | 08/20/2025 | 4 | 02/10/2025 | Books |
